000 00618nam a22002297a 4500
001 00028644
005 20260325100134.0
008 260325b ag ||||| |||| 00| 0 spa d
020 _a9789506492083
040 _aAR-CcCEOS
_bspa
_cAR-CcCEOS
041 _aspa
080 _a159
090 _bGER
100 _aMarta Gerez Ambertín
_9966
245 _aEntre deudas y culpas : sacrificios /
_cMarta Gerez Ambertín
250 _a1ª ed.
260 _aBuenos Aires :
_bLetra Viva,
_c2008.
300 _a259 p. ;
_c23x16 cm.
650 0 _afilosofía
_9153
655 0 _apsicoanalisis
_9442
942 _2udc
_cBK
_n0
999 _c28677
_d28677